[Event "Dubai op 15th"]
[Site "Dubai"]
[Date "2013.04.14"]
[Round "8"]
[White "Grover, Sahaj"]
[Black "Ghaem Maghami, Ehsan"]
[Result "1-0"]
[WhiteElo "2467"]
[BlackElo "2561"]
[Annotator "Grover,S"]
[PlyCount "55"]
[EventDate "2013.04.07"]
[EventType "swiss"]
[EventRounds "9"]
[EventCountry "UAE"]
[SourceTitle "EXT 2014"]
[Source "ChessBase"]
[SourceDate "2013.11.20"]
[SourceVersion "1"]
[SourceVersionDate "2013.11.20"]
[SourceQuality "1"]

1. e4 c5 2. Nf3 d6 3. d4 cxd4 4. Nxd4 Nf6 5. Nc3 a6 6. Bc4 {Its old fashioned
given the way things had been shaping up in the Najdorf last few years.
However, I have played it a lot in kintergarden days. The idea is simple, go
for the king!} e6 7. Bb3 b5 8. Qf3 $5 Qb6 {Most of my prepration time was
spent on this move, Black can also try for Bb7 and Qc7. We had noticed Maghami
playing this line and it was hard to resist the temptation to go for it.} (8...
Bb7 9. O-O) (8... Qc7 9. O-O Be7 10. Qg3 O-O 11. Bh6 {Transposing to the main
line}) 9. Be3 Qb7 10. O-O-O Nbd7 (10... Be7 {Is probably better}) 11. Rhe1 $5
Be7 (11... Nc5 12. Bf4 {And Black is in some troubles.} Be7 13. Bd5 $1 exd5 14.
Nxd5 O-O 15. Nc6 Bg4 (15... Bd8 16. Nxd8 Rxd8 17. Nxf6+ gxf6 18. Bh6 {is game
over}) 16. Ndxe7+ Kh8 17. Qe3 Bxd1 18. Rxd1 Rfe8 19. f3 Ncxe4 (19... Ng8 20.
Nxg8 Qxc6 21. Rxd6 Qc7 22. Rd5 Qa7 23. Nf6 {is pretty and good for white})) 12.
Qg3 g6 ({I was in fact hoping for} 12... Nh5 13. Qh3 Nhf6 14. Bxe6 fxe6 15.
Nxe6 Kf7 16. Ng5+ Kf8 17. Rxd6 {With lots of excitement although now I feel it
is not so clear} (17. f4 Nb6 18. f5 Nc4)) 13. Bh6 Nc5 {Looks a bit provocative
but I didn't see any better move for Black over the board} 14. e5 Nfe4 (14...
dxe5 15. Qxe5 Ncd7 16. Qf4 {And white has immense control}) 15. Nxe4 Nxe4 16.
Rxe4 $1 {Fasten your seat belts... I heard it somewhere inside my mind!} (16.
Qf4 d5 17. f3 Nc5 18. Bg7 {Was also better}) 16... Qxe4 17. exd6 Bf6 18. Nf3
Qf5 19. Re1 $2 (19. c3 $1 {And the game should be over in a few moves} b4 (
19... g5 20. Bxg5 Bxg5+ 21. Nxg5 Rg8 22. f4 h6 23. Bc2 $18) 20. Bc2 Qc5 21. Qf4
$18) 19... Bd7 (19... Qh5 20. Qf4 Qf5 21. Qe3 {And white can continue with his
plan of c3-Bc2}) 20. h4 $5 {Stopping g5, it wasn't a threat anyways} (20. c3 {
Was perhaps quicker} Qh5 21. Bf4 {[%cal Gf3e5]}) 20... Rc8 21. c3 $2 {A little
too late.. or a little too early? , maybe White should first play Ne5, then
try for c3} (21. Ne5) 21... b4 22. Bc2 Qh5 $4 {Time pressure!, sounds a bit
weird given that my opponent is an excellent blitz player. But then by now I
know many blitz experts who run short of time.} (22... Qc5 23. Qf4 Bxc3 $1 24.
Re2 {I have serious doubts if I would have played such a move but thanks
anyway Houdini!} Bb5 25. bxc3 Qxc3 26. d7+ $1 Bxd7 27. Kb1 {Black has got
something to play on here but white should be winning}) 23. Qf4 $18 bxc3 24. b3
Bd8 25. Ng5 {And the lady is caught on the edge of the board} f6 26. Rxe6+ $1 {
Its always the 'wow factor' that makes us interested, isnt it?} Bxe6 27. Qa4+
Bd7 28. Qe4+ {Once again my actual plans with 6. Bc4 worked. Its checkmate!}
1-0

[Event "EU-Cup 09th Group6"]
[Site "Clichy"]
[Date "1993.09.17"]
[Round "1"]
[White "Damaso, Rui"]
[Black "Ribli, Zoltan"]
[Result "0-1"]
[WhiteElo "2425"]
[BlackElo "2610"]
[Annotator "Hansen,Cu"]
[PlyCount "42"]
[EventDate "1993.09.17"]
[EventType "team-k.o."]
[EventRounds "3"]
[EventCountry "FRA"]
[SourceTitle "EXT 2020"]
[Source "ChessBase"]
[SourceDate "2019.10.17"]
[SourceVersion "1"]
[SourceVersionDate "2019.10.17"]
[SourceQuality "1"]
[WhiteTeam "Lisbon TLP"]
[BlackTeam "Muenchen Bayern"]
[WhiteTeamCountry "POR"]
[BlackTeamCountry "GER"]

1. e4 c5 2. Nf3 d6 3. d4 cxd4 4. Nxd4 Nf6 5. Nc3 a6 6. Bc4 e6 7. O-O Be7 8. Bb3
O-O 9. f4 b5 10. e5 dxe5 11. fxe5 Nfd7 12. Qh5 Bc5 (12... Nf6 $2 13. exf6 Qxd4+
14. Kh1 Bxf6 15. Qf3 Qa7 16. Ne4 Nd7 17. Be3 Qb8 18. Rad1 Kh8 19. Rxd7 $18 {
Bednarski,J-Zuckerman,B/Polanica Zdroj/1972/}) (12... g6 13. Qe2 (13. Qg4 Nxe5
14. Qe4 Bc5 15. Be3 Nbc6 16. Rad1 Qb6 17. Kh1 Nxd4 18. Qxe5 Nxb3 19. Ne4 Qb8
20. Nf6+ Kh8 21. Qc3 e5 22. axb3 Bxe3 23. Qxe3 Kg7 24. Nh5+ gxh5 25. Qg5+ Kh8
26. Rxf7 {1-0/Sznapik,A-Hohler,P/Polen/1974/}) 13... Bc5 14. Be3 Bb7 15. Rxf7
Bxd4 16. Bxe6 Bxe3+ 17. Qxe3 Rxf7 18. Rf1 Qb6 19. Qxb6 Nxb6 20. Rxf7 Bc8 21.
Bb3 Nc4 22. Rc7 Be6 23. a4 $16 {Walter,E-Gereben,E/Schweiz/1971/}) (12... Nc5
13. Be3 Nxb3 (13... Bb7 14. Rxf7 $18 {Bednarski,J-Pytel,K/Lublin/1972/}) 14.
axb3 (14. cxb3 Bb7 15. Rad1 Qc7 16. Bf4 b4 17. Nce2 Nd7 18. Qg4 Kh8 19. Ng3 Nb6
20. Nh5 Rg8 21. Kh1 Nd5 $15 {Koronghy-Schrancz,I/Budapest/1972/}) 14... Bb7 15.
Rf2 Nc6 16. Nxc6 Bxc6 17. Raf1 f5 18. exf6 Bxf6 $10 {Mestel,J-Browne,W/
Hastings/1973/}) (12... Nc6 13. Nxc6 Qb6+ 14. Be3 (14. Kh1 Qxc6 15. Rf3 Bb7 16.
Bf4 Nc5 (16... b4 17. Ba4 Qc7 18. Rh3 h6 19. Rg3 Bg5 20. Bxg5 Qxe5 21. Ne2 Nc5
22. Bf6 Qxh5 23. Rxg7+ Kh8 {0,5/Bednarski,J-Dueball,J/Vraca zt/1975/}) 17. Rg3
b4 18. Bh6 g6 19. Bxf8 Bxf8 20. Nd1 Ne4 21. Rg4 Bg7 22. Qh4 Bxe5 $17 {Adorjan,
A-Hulak,K/Amsterdam/1977/}) 14... Qxc6 15. Rf3 Bb7 16. Kh1 (16. Rg3 g6 $6 (
16... Bc5) 17. Qh6 Nxe5 18. Bd5 $18 {Fatalibekova,E-Baumstark,G/Tbilisi izt/
1976/}) (16. Raf1 Bc5 17. R1f2 Bxe3 18. Rxe3 Qc5 19. Qg5 h6 20. Qf4 a5 21. a4
bxa4 22. Nxa4 Qb4 23. Qg3 Bc6 24. Rf4 $14 {Hartston,J-Georgieva/Belgrade/1977/}
) 16... Bc5 (16... g6 17. Qh6 Nxe5 $2 18. Bd5 $18 {Bednarski,J-Ghitescu,Th/
Bath/1973/}) 17. Re1 a5 (17... f5 18. exf6 Rxf6 19. Bxc5 Rxf3 20. Bxe6+ Kh8 21.
Bd5 Qxc5 22. Bxf3 Qf2 23. Qe8+ Nf8 24. Qe3 $16 {Levy,L-Savon,V/Cienfuegos/1973/
}) 18. a4 b4 19. Nb5 Bxe3 20. Rexe3 Nc5 21. Nd4 Qa6 22. Rf4 Rad8 $13 {
Gheorghiu,F-Polugaevsky,L/Petropolis izt/1973/}) 13. Be3 Bxd4 (13... Qb6 14.
Rf4 Nc6 15. Rh4 h6 16. Rd1 Ndxe5 (16... Nxd4 17. Rdxd4 Bb7 18. Qxh6 $1 $18 {
Perecz,L-Orgovan,S/Ungarn/1977/}) 17. Ne4 Bxd4 18. Nf6+ Kh8 19. Rdxd4 Nxd4 20.
Bxd4 Qc7 21. Qg5 Ng4 22. Nxg4 f6 23. Nxf6 Rxf6 24. Bxf6 $18 {Mestel,
J-Wirthensohn,H/Hastings/1971/}) (13... Nc6 14. Nxc6 Bxe3+ 15. Kh1 Qg5 16. Qxg5
Bxg5 17. Ne4 Bb7 18. Nxg5 Bxc6 19. Nxf7 Rxf7 20. Bxe6 Nxe5 21. Rf5 Kf8 22. Rxe5
Re8 23. Kg1 $16 {Bednarski,J-Gheorghiu,F/Vraca zt/1975/}) (13... Qc7 14. Ne4
Nxe5 15. Nxc5 Qxc5 16. Rae1 Qd6 17. Rd1 Nc4 18. Bxc4 bxc4 19. Nb5 Qc6 $2 {
1-0/Roy,S-Das,D/Calcutta op/1993/} (19... Qc6 20. Qxf7+ $18)) 14. Bxd4 Nc6 15.
Rad1 Nxd4 16. Rxd4 Qb6 17. Rff4 (17. Rfd1 Qc5 18. Qf3 (18. Bd5 exd5 19. Nxd5 a5
20. c3 Ra6 $19 {Marjanovic,S-Dominde/Porec/1974/}) 18... Rb8 $2 (18... Ra7 $1
19. Ne4 Qxe5) 19. Ne4 Qb6 (19... Qxe5 20. Rxd7) 20. Qg3 Nc5 21. Nf6+ Kh8 22.
Kh1 $16 {Strand-Molnes/cr/1983/}) 17... Qc5 18. Nd5 exd5 $6 (18... Ra7 $1 19.
Kh1 exd5 20. Rd3 Nxe5 21. Rh4 h6 22. Qxe5 Re7 23. Qg3 Rfe8 $17 {
Socaciu-Dominte/Romania/1980/}) 19. c3 $2 (19. Bxd5 $8 Qxc2 (19... Ra7 $2 20.
Bxf7+ Kh8 21. Qxh7+ Kxh7 22. Rh4#) (19... g6 20. Qh6 {/\Rh4} Qxc2 $8 21. Rf2 $1
$16 {/\Rh4} (21. Bxa8 Qc1+ 22. Kf2 Nxe5 $17) 21... Qb1+ 22. Rf1 Qxb2 (22... Qc2
23. Rh4 g5 24. Be4 $18) 23. Rh4 $18) 20. Bxa8 (20. Rxf7 Kh8 21. Rxf8+ (21. Bxa8
Qc5 $17) 21... Nxf8 22. Bxa8 Qc5 $19 {/\Ne6}) 20... Qxb2 $14 (20... Nb6 $2 21.
Qxf7+ $18)) 19... Qe7 $19 20. Rh4 Nf6 21. Qg5 Re8 0-1

[Event "Podolsk"]
[Site "Podolsk"]
[Date "1993.??.??"]
[Round "?"]
[White "Morozevich, Alexander"]
[Black "Dvoirys, Semen I"]
[Result "1-0"]
[WhiteElo "2545"]
[BlackElo "2590"]
[Annotator "Hansen,Cu"]
[PlyCount "129"]
[EventDate "1993.10.??"]
[EventType "tourn"]
[EventRounds "9"]
[EventCountry "RUS"]
[EventCategory "14"]
[SourceTitle "CBM 038"]
[Source "ChessBase"]
[SourceDate "1994.02.01"]
[SourceVersion "1"]
[SourceVersionDate "1994.02.01"]
[SourceQuality "1"]

1. e4 c5 2. Nf3 d6 3. d4 cxd4 4. Nxd4 Nf6 5. Nc3 a6 6. Bc4 e6 7. Bb3 b5 8. O-O
Bb7 9. Re1 Nbd7 10. Bg5 h6 11. Bxf6 (11. Bh4 g5 (11... Qb6 12. Nd5 Qc5 13.
Nxf6+ Nxf6 14. Bxf6 gxf6 15. Bxe6 fxe6 16. Nxe6 Qc4 17. Qh5+ Kd7 18. Nf4 Kc7
19. b3 Qg8 20. c4 $13 {Farkas,Gy-Szekely,M/Budapest/1972/}) (11... Nc5 12. Bd5
exd5 13. exd5+ Kd7 14. b4 Na4 15. Nxa4 bxa4 16. c4 $16 {Fischer,R-Rubinetti,J/
Palma de Mallorca/1970/}) 12. Bg3 Ne5 13. Nf3 (13. Bxe6 fxe6 14. Nxe6 Qc8 15.
Nxf8 Rxf8 16. Qxd6 $16 {Martinez,N-Alonso,R/Cuba/1986/}) (13. Qe2 Qc7 (13...
Be7 14. Rad1 Qb6 15. Nf3 Qc7 $14 {Ferrera,B-Sunye Neto,J/Mexico open/1991/})
14. Rad1 Be7 15. a3 $14 {Martin,T-Haag,W/2.BLS/1989/}) 13... Qc7 14. Nd2 (14.
Nxe5 dxe5 15. Qf3 Bg7 16. Rad1 b4 17. Nd5 exd5 18. Bxe5 Qxe5 19. exd5 $16 {
Honfi,K-Hradeczky,T/Budapest/1982/}) (14. Bd5 exd5 15. Nxe5 dxe5 16. Bxe5 Qxe5
17. exd5 Bd6 18. Qd4 Nd7 19. Rxe5+ Bxe5 20. Qb4 O-O-O $13 {Plaskett,J-Tukmakov,
V/La Valeta/1980/}) 14... h5 15. h4 gxh4 16. Bxh4 Nfg4 17. a4 b4 18. Na2 Qc5
$15 {Ehlvest,J-Dvoirys,S/Podolsk/1993/}) 11... Nxf6 (11... Qxf6 12. a4 b4 13.
Na2 Nc5 14. Nxb4 a5 15. Nbc6 e5 16. Bd5 exd4 17. e5 $16 {Golubev,M-Zagorskis,D/
Karvina/1992/}) 12. Qf3 (12. Qd3 Ng4 13. Qg3 Ne5 14. Rad1 Qg5 15. a4 Qxg3 16.
hxg3 bxa4 17. Bxa4+ Kd8 $10 {Kuzmin,G-Tukmakov,V/USSR/1981/}) 12... Qb6 13.
Rad1 O-O-O 14. a4 b4 15. Na2 Rd7 (15... Kb8 16. c3 Nxe4 17. a5 $1 Qxa5 18. Nxb4
$16 {Kindermann,S-Stangl,M/Altensteig/1989/}) 16. c3 (16. c4 Be7 17. Bc2 Rc7
18. Qb3 d5 19. cxd5 exd5 20. e5 Ne4 21. Bxe4 dxe4 22. Qxf7 Bc5 23. Qe6+ Kb8 24.
Qxb6 Bxb6 25. Nxb4 Ba5 26. Ndc2 Rc4 27. Re2 Bxb4 28. b3 Rxc2 29. Rxc2 $14 {
Muhutdinov,M-Dvoirys,S/Tal mem/1992/}) 16... d5 17. e5 Ne4 18. Qe3 {/\f2-f3}
bxc3 19. bxc3 Be7 (19... Bc5 $6 20. f3 Ng5 $14) 20. f3 Nc5 21. Bc2 Kb8 {/\Rc8}
22. Rb1 Qc7 23. a5 {><b6} Ka8 (23... Qxa5 $4 24. Nc6+) 24. Rb6 Qc8 $1 {/\Bd8} (
24... Rc8 25. Nb4 $16) 25. Nb4 Rc7 {/\Nd7} (25... Bd8 $5 26. Rc6 (26. Ra1 {
/\Ndc6} Bxb6 27. axb6 {/\Nb5/Ndc6} Kb8 28. Ndc6+ Bxc6 29. Qxc5 Bb7 30. Qd4 $44)
(26. Rd6 Rxd6 27. exd6 Bxa5 $17) (26. Ndc6 Bxb6 27. axb6 Bxc6 28. Qxc5 Bb5 $17)
26... Bxc6 27. Ndxc6 Be7 $17) 26. Na2 Nd7 27. Rb2 Ba3 28. Rb3 Bc5 {/\Ba7,Nc5}
29. Kh1 f6 30. exf6 (30. f4 g5 31. exf6 gxf4 $17 32. Qxe6 Bxd4 33. cxd4 Rxc2
$19) 30... gxf6 (30... e5 $5 31. fxg7 Rg8 (31... Rd8 32. Bh7 exd4 33. cxd4 Nf6
$13) 32. Qxh6 exd4 33. Bh7 $13) 31. Qd2 Ne5 32. Qf4 $132 {קe6,קf6} Rg8 33.
Bb1 Rf7 34. h3 h5 35. Re2 Bd6 36. Rb6 Bc5 37. Rb3 Bxd4 $6 (37... Bd6 $10) 38.
cxd4 Nc4 39. Bd3 Qd7 40. Nc3 e5 (40... Nxa5 41. Ra3 $13) 41. Qh4 Rfg7 $6 42.
Rxb7 $1 Qxb7 43. Nxd5 $16 Nxa5 44. Nxf6 Rc8 45. Be4 Nc6 46. dxe5 Qb5 47. Qf2 {
/\Rc2//\Rb2 עa8} Rb7 48. f4 h4 49. e6 Qa4 50. Nd7 {><b6,><c5} Qc4 51. Ne5 Qxe6
(51... Nxe5 52. Bxb7+ Kxb7 53. Rxe5 $18) 52. Nxc6 Rxc6 53. Qf3 Rc1+ 54. Kh2 Qb6
55. Bxb7+ Ka7 (55... Qxb7 56. Re8+ Ka7 57. Qe3+ $18) 56. Rf2 Qb1 (56... Qxb7
57. Qe3+) 57. Qe3+ Kxb7 58. Qe7+ Kc8 59. Qxh4 Rh1+ 60. Kg3 Qd3+ 61. Rf3 Qe4 62.
Qh8+ Kd7 63. Qg7+ Kd6 64. Qf6+ Kd7 65. Qxa6 1-0

[Event "Dresden zt 1.2"]
[Site "Dresden"]
[Date "1998.05.05"]
[Round "7"]
[White "Rogic, Davor"]
[Black "Pavasovic, Dusko"]
[Result "1-0"]
[WhiteElo "2445"]
[BlackElo "2505"]
[Annotator "Hecht,H"]
[PlyCount "153"]
[EventDate "1998.04.28"]
[EventType "swiss"]
[EventRounds "11"]
[EventCountry "GER"]
[SourceTitle "CBM 065"]
[Source "ChessBase"]
[SourceDate "1998.08.06"]
[SourceVersion "1"]
[SourceVersionDate "1998.08.06"]
[SourceQuality "1"]

1. e4 c5 2. Nf3 d6 3. d4 cxd4 4. Nxd4 Nf6 5. Nc3 a6 6. Bc4 e6 7. Bb3 b5 8. O-O
b4 9. Na4 Bd7 10. c3 Nc6 11. Re1 Rb8 12. f3 Be7 13. Nxc6 Bxc6 14. cxb4 Rxb4 15.
Be3 O-O 16. Rc1 Bd7 17. Re2 Qb8 18. Bd4 Qb5 19. Nc3 Qb7 20. Kh1 Rc8 21. Rd2 a5
22. Ne2 Rxc1 23. Nxc1 a4 24. Bc2 Be8 25. Bc3 Rc4 26. Rd4 Qc6 27. Rxc4 Qxc4 28.
Qd3 Qc8 29. Ne2 Nd7 30. e5 f5 31. exd6 Bf8 32. Qe3 Nf6 33. Nf4 Bd7 34. Qd4 Qc6
35. Nd3 Bxd6 36. a3 Qa6 37. Kg1 Bf8 38. Nc5 Bxc5 39. Qxc5 Nd5 40. Qd4 Qb6 41.
Qxb6 Nxb6 {[%mdl 4096] [#] Bishop pair in support of an outside passed pawn on
the a-file. Infiltration by White's king into the weakened central square e5. 
[#] Läuferpaar i.V. mit einem entfernten Freibauer auf der a-Linie. Einsickern
des weißen Königs über das geschwächte Zentralfeld e5} 42. b3 axb3 43. Bxb3 Kf7
44. Bd4 Nd5 45. a4 g6 46. Kf2 Ke7 47. Be5 Bc6 48. Ke2 Kd7 49. Kd3 Bb7 50. Kd4
Kc6 51. h4 Kb6 52. Bg3 Bc8 53. Bf2 Bd7 54. Ke5+ Kc6 55. Bc4 Bc8 56. Bb5+ Kc7
57. a5 f4 58. a6 h6 59. a7 Bb7 60. Bd3 Ne3 61. Be4 Nxg2 62. a8=Q Bxa8 63. Bxa8
g5 64. h5 Kd7 65. Kf6 Ne3 66. Kg6 Ke7 67. Be4 g4 68. fxg4 Nxg4 69. Kg7 (69.
Bc5+ Kd7 70. Kg7 {was the actual move order! ist die korrekte Zugreihenfolge!})
69... Kd7 70. Bc5 Ke8 71. Bc6+ Kd8 72. Bf3 Ne5 73. Bd1 Nd7 74. Bd6 e5 75. Kxh6
Ke8 76. Kg7 e4 77. h6 1-0

[Event "USA-ARM"]
[Site "Glendale"]
[Date "1994.??.??"]
[Round "1"]
[White "Minasian, Artashes"]
[Black "Wolff, Patrick G"]
[Result "0-1"]
[WhiteElo "2545"]
[BlackElo "2590"]
[Annotator "Hecht,H"]
[PlyCount "200"]
[EventDate "1994.05.??"]
[EventType "team"]
[EventRounds "4"]
[EventCountry "USA"]
[SourceTitle "CBM 042"]
[Source "ChessBase"]
[SourceDate "1994.10.01"]
[SourceVersion "1"]
[SourceVersionDate "1994.10.01"]
[SourceQuality "1"]

1. e4 c5 2. Nf3 d6 3. Nc3 a6 4. d4 cxd4 5. Nxd4 Nf6 6. Bc4 e6 7. Qe2 Be7 8. Bb3
O-O 9. f4 b5 10. a3 Bb7 11. O-O Nbd7 12. f5 e5 13. Nf3 Nc5 14. Bd5 Bxd5 15.
exd5 Qc8 16. Be3 Na4 17. Nxa4 bxa4 18. c4 Qxf5 19. Rac1 Qe4 20. Nd2 Qg4 21. Rf3
Rab8 22. h3 Qg6 23. Nf1 Ne4 24. c5 dxc5 25. Rc4 Rfd8 26. Rxa4 Nf6 27. Rg3 Qh5
28. Qc2 Nxd5 29. Bxc5 Bxc5+ 30. Qxc5 Qd1 31. Rxa6 Nf4 32. Rxg7+ Kxg7 33. Qxe5+
Kg8 34. Qxf4 Qd4+ 35. Qxd4 Rxd4 36. b4 Rdd8 37. Rf6 Ra8 38. Rf3 Rd1 39. Kh2 Ra1
40. Ng3 R8xa3 41. Rf4 Rb1 42. Nf5 Ra6 43. Rc4 h6 44. Rc8+ Kh7 45. Rc7 Rf6 46.
Ne3 Kg7 47. Rc4 Rb3 48. Nd5 Rf5 49. Rd4 Rb2 50. Nf4 Kf6 51. Rc4 Rb3 52. Ne2 Re5
53. Nd4 Rb2 54. Nf3 Rf5 55. Ne1 Rd2 56. Nc2 Re5 57. Rf4+ Kg6 58. Nd4 Rb2 59.
Nf3 Rb5 60. Rg4+ Kf6 61. Rh4 h5 62. Rc4 R5xb4 63. Rc6+ Kg7 64. Rc5 Rb5 65. Rc7
Rf5 66. Nh4 Rg5 67. Rc4 Rd5 68. Rf4 Rbb5 69. Rc4 Rb6 70. Rf4 Re6 71. Kg3 Ree5
72. Rb4 Rd6 73. Rf4 Rd3+ 74. Kh2 f6 75. Rb4 Rd6 76. Rb7+ Kh6 77. Rb4 Rde6 78.
Rb3 Re4 79. Nf3 Re8 80. Rb6 Kg6 81. Rb5 h4 82. Rb7 Rc4 83. Rb6 Re2 84. Ra6 Rb4
85. Rc6 Rf4 86. Kg1 Ra2 87. Rc8 Ra5 88. Rg8+ Kh7 89. Rb8 Ra6 90. Kh2 f5 91.
Rb7+ Kg6 92. Rb8 Ra5 93. Rb6+ Kh5 94. Rb8 Rxf3 95. gxf3 Kg5 96. Rh8 Ra2+ 97.
Kg1 Kf4 98. Rh5 Rb2 99. Kf1 Rh2 100. Rxh4+ Kxf3 (100... Kxf3 101. Kg1 Rg2+ 102.
Kh1 $10) 0-1

[Event "Odorheiu Secuiesc zt"]
[Site "Odorheiu Secuiesc"]
[Date "1995.??.??"]
[Round "5"]
[White "Istratescu, Andrei"]
[Black "Wojtkiewicz, Aleksander"]
[Result "1-0"]
[WhiteElo "2505"]
[BlackElo "2530"]
[Annotator "Hecht,H"]
[PlyCount "101"]
[EventDate "1995.03.??"]
[EventType "swiss"]
[EventRounds "9"]
[EventCountry "ROU"]
[SourceTitle "CBM 047"]
[Source "ChessBase"]
[SourceDate "1995.08.01"]
[SourceVersion "1"]
[SourceVersionDate "1995.08.01"]
[SourceQuality "1"]

1. e4 c5 2. Nf3 d6 3. d4 cxd4 4. Nxd4 Nf6 5. Nc3 a6 6. Bc4 e6 7. Bb3 b5 8. O-O
Be7 9. Qf3 Qc7 10. Qg3 O-O 11. Bh6 Ne8 12. Rad1 Bd7 13. Nf3 Nc6 14. Bf4 Rd8 15.
e5 dxe5 16. Nxe5 Bd6 17. Rxd6 Nxd6 18. Nxc6 Bxc6 19. Rd1 b4 20. Be5 f6 21. Bxd6
bxc3 22. bxc3 Rfe8 23. h4 Qf7 24. Rd4 Kh8 25. c4 a5 26. c5 a4 27. Bxa4 Bxa4 28.
Rxa4 e5 29. Qb3 Qd7 30. Rb4 e4 31. Rb7 Qg4 32. Qg3 Qxg3 33. Bxg3 Ra8 34. c6
Rxa2 35. c7 Rxc2 36. Rb8 Rg8 37. h5 {RB<->RR Motive: w Riesen-Frei-B c7 bindet
alle s Figuren, wK-Marsch zum Frei-B entscheidet} h6 38. Kf1 Kh7 39. Bd6 f5 40.
Be5 Kh8 41. g3 Kh7 42. Ke1 Rc5 43. Ke2 Rc6 44. Rd8 Rc5 45. Ke3 Rc2 46. Rb8 Rc4
47. Kf4 Rc2 48. Kxf5 Rxf2+ 49. Kxe4 Rff8 50. Kd5 g6 (50... Re8 51. Kc6 Rgf8 (
51... g6 52. Kd7 Rxb8 53. cxb8=Q Rxb8 54. Bxb8 gxh5 55. Ke6 (55. Bc7 Kg6 56.
Bd8 Kf5 57. Bh4 $18) 55... Kg6 56. Bf4 h4 57. gxh4 Kh5 58. Bg3 Kg4 59. Be1 $18)
52. Kd7 Rxb8 53. cxb8=Q Rxb8 54. Bxb8 g6 55. g4 gxh5 56. gxh5 Kg7 57. Ke7 $18)
51. c8=Q $1 1-0

[Event "Bijeljina Dvorovi"]
[Site "Bijeljina Dvorovi"]
[Date "2002.01.26"]
[Round "1"]
[White "Runic, Zoran"]
[Black "Arsovic, Goran"]
[Result "1-0"]
[WhiteElo "2448"]
[BlackElo "2437"]
[Annotator "Hecht,H"]
[PlyCount "133"]
[EventDate "2002.01.26"]
[EventType "tourn"]
[EventRounds "9"]
[EventCountry "YUG"]
[EventCategory "9"]
[SourceTitle "CBM 088"]
[Source "ChessBase"]
[SourceDate "2002.03.21"]
[SourceVersion "1"]
[SourceVersionDate "2002.03.21"]
[SourceQuality "1"]

1. e4 c5 2. Nf3 d6 3. d4 cxd4 4. Nxd4 Nf6 5. Nc3 a6 6. Bc4 e6 7. Bb3 b5 8. Qf3
Bb7 9. O-O Nc6 10. Nxc6 Bxc6 11. Re1 Be7 12. Qg3 O-O 13. Bh6 Ne8 14. Rad1 b4
15. Nb1 e5 16. Bd2 a5 17. c3 Rb8 18. cxb4 axb4 19. Qd3 Qb6 20. Be3 Qb7 21. Nd2
Nf6 22. Bg5 Nh5 23. Bxe7 Qxe7 24. Nc4 Rbd8 25. Nxd6 Nf4 26. Nf5 Qg5 27. Qf3 Rd7
28. Rxd7 Bxd7 29. g3 Ne6 30. h4 Qf6 31. Qe3 g6 32. Nh6+ Kh8 33. Bd5 Nd4 34. Rc1
Kg7 35. Rc4 Bb5 36. Rc7 Be8 37. Ng4 Qd6 38. Qh6+ Kg8 39. Kg2 Bb5 40. h5 Bc6 41.
hxg6 hxg6 42. Bxc6 Nxc6 43. Rd7 Qe6 44. Qg5 Kg7 45. Rc7 Rh8 46. Rxc6 Qxc6 {
[#] weißer Materialvorteil bei schlechter schwarzer Königs- und Turmstellung.
Pattscherze!} 47. Qxe5+ Kg8 48. Nf6+ Kf8 49. Nd5 (49. Nd7+ $5 Kg8 50. Qe8+ Kg7
51. Qxf7+ Kxf7 52. Ne5+ Kf6 53. Nxc6 b3 54. axb3 Rc8 55. Na5 Rb8 $16) 49... Rh5
50. Qb8+ Kg7 51. Qxb4 Qa6 52. Qc3+ Kg8 53. g4 Rh4 (53... Rg5 54. Kg3 $18) (
53... Rh6 54. Nf6+ Kf8 55. Qb4+ Kg7 56. Ne8+ Kg8 57. g5 Rh4 58. Qd4 Kf8 59. Qd8
$18) 54. Qg3 g5 (54... Rh8 55. Qb8+ Kg7 56. Qe5+ Kg8 57. Nf6+ Kf8 58. Qb8+ Kg7
59. Ne8+ $18) 55. Qb8+ Kg7 56. Qe5+ f6 57. Qe7+ Kg6 58. Qe8+ Kg7 59. Ne3 Kh7
60. Qf7+ Kh8 61. Nf5 Rxg4+ {Die Zeit der unzulänglichen Pattscherze ist
gekommen:} (61... Qf1+ 62. Kxf1 Rh1+ 63. Ke2 Re1+ 64. Kf3 Re3+ 65. Nxe3 $18) (
61... Rh2+ 62. Kxh2 Qd6+ 63. Nxd6 $18) 62. Kh2 Rh4+ 63. Kg3 Rg4+ (63... Qd3+
64. f3 Rh3+ 65. Kxh3 Qxf3+ 66. Ng3 Qf5+ 67. Nxf5 g4+ 68. Kg2 $18) 64. Kxg4 Qe2+
65. f3 Qxe4+ 66. Kh5 Qg4+ 67. Kg6 1-0

[Event "Villa Martelli"]
[Site "Villa Martelli"]
[Date "1997.06.03"]
[Round "3"]
[White "German, Gustavo"]
[Black "Spangenberg, Hugo"]
[Result "1-0"]
[WhiteElo "2500"]
[BlackElo "2550"]
[Annotator "Hecht,H"]
[PlyCount "121"]
[EventDate "1997.06.01"]
[EventType "tourn"]
[EventRounds "11"]
[EventCountry "ARG"]
[EventCategory "13"]
[SourceTitle "CBM 060"]
[Source "ChessBase"]
[SourceDate "1997.09.29"]
[SourceVersion "1"]
[SourceVersionDate "1997.09.29"]
[SourceQuality "1"]

1. e4 c5 2. Nf3 d6 3. d4 cxd4 4. Nxd4 Nf6 5. Nc3 a6 6. Bc4 e6 7. Bb3 b5 8. O-O
Be7 9. Qf3 Qb6 10. Be3 Qb7 11. Qg3 b4 12. Na4 O-O 13. f3 Nbd7 14. Rac1 Nh5 15.
Qh3 Nhf6 16. Qg3 Ne5 17. c3 Bd7 18. cxb4 Qxb4 19. Nc2 Qb7 20. Rfd1 Bxa4 21.
Bxa4 Rfc8 22. Bd4 Nc4 23. Bb3 Na5 24. Ba4 e5 25. Bc3 Rc4 26. Bxa5 Rxa4 27. Bc3
Rxa2 28. Kh1 Qb6 29. Qe1 a5 30. Ne3 a4 31. Nc4 Qa6 32. Bb4 Rb8 33. Bxd6 Bxd6
34. Rxd6 Qb5 35. Qd1 h5 36. h3 h4 37. Rd8+ Rxd8 38. Qxd8+ Kh7 39. Qe7 Rxb2 40.
Nxb2 Qxb2 {[#] Der aktive Turm ist viel stärker als der passive Gaul. Der
Druck gegen e5, f7 (und damit auch g7) ist so stark, daß schlußendlich auch
der a-Bauern sein Leben lassen muß. Die kleine schwarze dauerschachchance kann
leicht abgewehrt werden. Ich sehe keine Rettung für Schwarz.} 41. Rc7 {[%csl
Ra4,Re5,Rf7][%cal Re7f7]} Qf2 (41... a3 42. Qxf7 $18 {[%csl Rg7]}) (41... Kh6
42. Qxf7 Nh5 43. Rc6+ Nf6 44. Rc8 Qf2 45. Rh8+ Nh7 46. Qe6+ g6 (46... Kg5 47.
Qf5+) 47. Qxe5 $18) 42. Qxe5 a3 43. Rc8 Qf1+ (43... a2 44. Ra8 {[%cal Re5a5]}
Qd2 45. Qf5+ g6 46. Qe5 $18 {[%cal Rh1h2,Re5a1]}) 44. Kh2 Qa6 (44... a2 45.
Qf5+ g6 46. Qxf6) 45. Rc5 a2 (45... Nd7 46. Qf5+ {[%cal Rf5d7]}) 46. Ra5 Qc4
47. Ra8 Ng8 48. Qf5+ g6 49. Qe5 Qb3 50. Qa1 Qb7 51. Rxa2 Qc7+ 52. Kh1 Qf4 53.
Ra7 Kh6 54. Qh8+ Kg5 55. Ra5+ f5 56. exf5 gxf5 57. Qxg8+ Kh6 58. Qf8+ Kg6 59.
Qxf5+ Qxf5 60. Rxf5 Kxf5 61. g3 1-0